=LDR 00000nam 2200000 4500 =001 INLIS000000000013203 =005 20210111083602 =035 ##$$a 0010-061300000013203 =008 210111################g##########0#ind## =041 ##$$a Ind =082 ##$$a 338.959 8 =090 ##$$a 338.959 8, Baa i =100 ##$$a Baasir, Faisal =245 1#$$a Indonesia pasca krisis : $b Catatan politik dan ekonomi 2003-2004 /$c Faisal Baasir =260 ##$$a Jakarta :$b Pustaka Sinar Harapan,$c 2004 =300 ##$$a xviii, 340 hlm, : $b ilus. ; $c 21 x 15 cm. =650 #4$$a Indonesia - Politik Ekonomi =850 ##$$a NBPNMAT =020 ##$$a 979-416-822-x =084 ##$$a 338.959 8 BAA i =990 ##$$a 20404682 =990 ##$$a 20404681 =990 ##$$a 20404682 =990 ##$$a 20404681 =990 ##$$a 02480248 =990 ##$$a 20404684 =990 ##$$a 20404682 =990 ##$$a 20404681